• 首页
  • 本馆介绍
  • 公告通知
  • 最新文献
  • 馆藏检索
  • 电子资源
  • 读者导购
  • 参考咨询
  • 我的图书馆
  • 登录
  • 详细信息显示
  • 放入我的书架
  • 预约/预借图书
  • 作者相关作品
  • 分类相关作品
  • 丛书相关作品
  • 出版社相关作品

书目信息

  • 表格格式
  • 工作单格式
  • 卡片格式
题名:
环境保护概论
    
 
作者: 李定龙 , 常杰云 主编
分册:  
出版信息: 北京   中国石化出版社  2006
页数: 219页
开本: 26cm
丛书名:
单 册:
中图分类: X , X-01
科图分类:
主题词: 环境保护--概论 , 环境堡--环境政策 , 环境政策
电子资源:
ISBN: 7-80229-015-5
000 01128nam0 2200325 450
001 012004049501
005 20070807164215.53
009 012004049501
010    @a7-80229-015-5@dCNY30.00
035    @a(110017)062002048917
100    @a20060628d2006 em y0chiy0110 ea
101 0  @achi
102    @aCN@b110000
105    @ay z 000yy
106    @ar
200 1  @a环境保护概论@Ahuan jing bao hu gai lun@f李定龙, 常杰云主编@Fli ding long , chang jie yun zhu bian
210    @a北京@c中国石化出版社@d2006
215    @a219页@d26cm
312    @a封面英文题名:Conspectus of environmental protection
330    @a本书阐述了地球环境的形成与演变及其在人类活动影响下引发的主要环境问题和变化规律,简述了地球生态系统特征与保护,论述了大气、水体、固体废气物及噪声环境的污染背景、特征和防治措施等。
510 1  @aConspectus of environmental protection@zeng
606 0  @a环境保护@x概论
606 0  @a环境堡@x环境政策
606 0  @a环境政策
690    @aX@v4
690    @aX-01@v3
701  0 @a李定龙@Ali ding long@4主编
701  0 @a常杰云@Achang jie yun@4主编
801  0 @aCN@b110017@c20070807
905    @dX-01@e169@f5
    
    环境保护概论/李定龙, 常杰云主编.-北京:中国石化出版社,2006
    219页;26cm
    
    
    ISBN 7-80229-015-5:CNY30.00
    本书阐述了地球环境的形成与演变及其在人类活动影响下引发的主要环境问题和变化规律,简述了地球生态系统特征与保护,论述了大气、水体、固体废气物及噪声环境的污染背景、特征和防治措施等。
●
相关链接 在E读中查询图书 在五车中查询图书 在当当中查询图书 在豆瓣中查询图书


正题名:环境保护概论     索取号:X-01/169         预约/预借

序号 登录号 条形码 馆藏地/架位号 状态 备注
1 0853831   208538313   第二样本阅览室/ [索取号:X-01/169] 在馆    
2 0853832   208538322   第三借阅区/ [索取号:X-01/169] 在馆    
3 0853833   208538331   第三借阅区/ [索取号:X-01/169] 在馆    
4 0853834   208538340   第三借阅区/ [索取号:X-01/169] 在馆    
5 0853835   208538359   第三借阅区/ [索取号:X-01/169] 在馆    
唐山师范学院图书馆 欢迎您!
大连网信软件有限公司© 版权所有